Every Manchester United Goal Scorer in the 2022/23 Premier League - Statistics

General Stats
  • This quiz has been taken 62 times
  • The average score is 49 of 56
Answer Stats
Game Scorer % Correct
Liverpool (H) Rashford
98%
Arsenal (H) Rashford
98%
Arsenal (H) Rashford
98%
West Ham United (H) Rashford
98%
Nottingham Forest (H) Rashford
98%
Wolverhampton Wanderers (A) Rashford
98%
Bournemouth (H) Rashford
98%
Manchester City (H) Rashford
98%
Arsenal (A) Rashford
98%
Crystal Palace (H) Rashford
98%
Leeds (H) Rashford
98%
Leeds (A) Rashford
98%
Leicester City (H) Rashford
98%
Leicester City (H) Rashford
98%
Brentford (H) Rashford
98%
Tottenham Hotspur (A) Rashford
98%
Chelsea (H) Rashford
98%
Southampton (A) Fernandes
96%
Tottenham Hotspur (H) Fernandes
96%
Manchester City (H) Fernandes
96%
Crystal Palace (A) Fernandes
96%
Crystal Palace (H) Fernandes
96%
Aston Villa (H) Fernandes
96%
Chelsea (H) Fernandes
96%
Fulham (H) Fernandes
96%
Chelsea (A) Casemiro
87%
Bournemouth (H) Casemiro
87%
Bournemouth (A) Casemiro
87%
Chelsea (H) Casemiro
87%
Fulham (A) Garnacho
87%
Leeds (A) Garnacho
87%
Wolverhampton Wanderers (H) Garnacho
87%
Manchester City (A) Martial
87%
Manchester City (A) Martial
87%
Nottingham Forest (H) Martial
87%
Everton (H) Martial
87%
Wolverhampton Wanderers (H) Martial
87%
Chelsea (H) Martial
87%
Arsenal (H) Antony
82%
Manchester City (A) Antony
82%
Everton (A) Antony
82%
Nottingham Forest (A) Antony
82%
Nottingham Forest (A) Dalot
82%
Arsenal (A) Martinez
82%
Fulham (A) Eriksen
80%
Everton (A) Ronaldo
78%
Liverpool (H) Sancho
76%
Leicester City (A) Sancho
76%
Leeds (H) Sancho
76%
Leicester City (H) Sancho
76%
Tottenham Hotspur (A) Sancho
76%
Fulham (H) Sancho
76%
Bournemouth (H) Shaw
73%
Everton (H) McTominay
71%
Tottenham Hotspur (H) Fred
69%
Nottingham Forest (H) Fred
69%
No matching quizzes found
Score Distribution
Percent of People with Each Score
Percentile by Number Answered
Your Score History
You have not taken this quiz